Movies Quiz

Random Movies or Divergent Quiz

Oscar-Nominated Actors In Film Adaptations Of YA Novels Quiz Stats

 Plays Quiz not verified by Sporcle

Score 0/16 Timer 04:00
0 Plays Today
% Correct
Kate Winslet
89.1%
Anna Kendrick
89.1%
Rami Malek
89.1%
Liam Neeson
85.9%
Uma Thurman
82.8%
Octavia Spencer
82.8%
Tilda Swinton
81.3%
Stanley Tucci
76.6%
% Correct
Naomi Watts
71.9%
Catherine Keener
68.8%
Jim Broadbent
68.8%
Graham Greene
64.1%
Patricia Clarkson
60.9%
Janet McTeer
51.6%
Catalina Sandino Moreno
51.6%
Shohreh Aghdashloo
46.9%

You're not logged in!

Compare scores with friends on all Sporcle quizzes.
OR
Log In

Show Comments

Extras

Top Quizzes Today


Score Distribution

Your Account Isn't Verified!

In order to create a playlist on Sporcle, you need to verify the email address you used during registration. Go to your Sporcle Settings to finish the process.

Report this User

Report this user for behavior that violates our Community Guidelines.

Details: